Countries In The European Union - Statistics

General Stats
  • This quiz has been taken 34 times
  • The average score is 27 of 28
Answer Stats
Year Added Country % Correct
01/01/1958 Belgium
100%
01/01/1995 Finland
100%
01/01/1958 France
100%
01/01/1958 Germany
100%
01/01/1973 Ireland
100%
01/01/1958 Netherlands
100%
01/01/1986 Spain
100%
01/01/1995 Sweden
100%
01/01/1973 (left on 31 January 2020) UK
100%
01/01/1995 Austria
97%
01/05/2004 Estonia
97%
01/01/1958 Italy
97%
01/05/2004 Latvia
97%
01/05/2004 Poland
97%
01/01/1986 Portugal
97%
01/05/2004 Slovenia
97%
01/01/2007 Bulgaria
94%
01/07/2013 Croatia
94%
01/05/2004 Czech Republic
94%
01/01/1973 Denmark
94%
01/01/1981 Greece
94%
01/05/2004 Hungary
94%
01/05/2004 Lithuania
94%
01/01/1958 Luxembourg
94%
01/05/2004 Slovakia
94%
01/05/2004 Malta
91%
01/01/2007 Romania
91%
01/05/2004 Cyprus
82%
No matching quizzes found
Score Distribution
Percent of People with Each Score
Percentile by Number Answered
Your Score History
You have not taken this quiz